| 000 | 00751nam a2200229Ii 4500 | ||
|---|---|---|---|
| 003 | JO-AjNU | ||
| 008 | 230605s9999||||xx |||||||||||||| ||und|| | ||
| 017 | _a1425/6142 | ||
| 020 | _a9960-33-970-X | ||
| 040 |
_aJO-AjNU _bara _erda _cJO-AjNU |
||
| 041 | _aara | ||
| 050 | 1 | 4 | _aBP144.2 2005 |
| 100 | 3 |
_aالحميد، محمد بن ناصر, _eauthor _948844 |
|
| 245 | 0 | 0 | _aإتحاف الحرائر بأدب الضرائر |
| 250 | _aط1 | ||
| 264 | 3 | 1 | _aالرياض: دار القاسم للنشر والتوزيع، 2005 |
| 300 |
_a136ص _bالفهارس العامة ص 119-132 |
||
| 336 |
_atext _btxt _2rdacontent |
||
| 337 |
_aunmediated _bn _2rdamedia |
||
| 338 |
_avolume _bnc _2rdacarrier |
||
| 650 | 4 |
_aتعدد الزوجات _948845 |
|
| 999 |
_aA21417 _c24985 _d24985 |
||